[Event "Mediterranean-ch 13th"]
[Site "Platja d'Aro"]
[Date "2023.11.08"]
[Round "6"]
[White "Eugene, Floryan"]
[Black "Rojano Alfonso, Carlos"]
[Result "0-1"]
[WhiteElo "2431"]
[BlackElo "2207"]
[PlyCount "58"]
[EventDate "2023.11.04"]
[EventType "swiss"]
[EventRounds "9"]
[EventCountry "ESP"]
[SourceTitle "CB46_2023"]
[SourceDate "2023.11.15"]
[SourceVersion "1"]
[SourceVersionDate "2023.11.15"]
[SourceQuality "1"]

1. d4 Nf6 2. c4 e6 3. Nc3 Bb4 4. e3 b6 5. Bd2 Bb7 6. Nf3 0-0 7. Bd3 d5 8. cxd5 exd5 9. 0-0 Nbd7 10. Rc1 a6 11. Ne5 Nxe5 12. dxe5 Nd7 13. f4 Nc5 14. Bxh7+ Kxh7 15. Qh5+ Kg8 16. f5 f6 17. e6 Bxc3 18. Rxc3 Bc8 19. e4 Qe8 20. Qh4 Bxe6 21. e5 Bd7 22. Bh6 Qxe5 23. Bxg7 Kxg7 24. Qh5 Rh8 25. Qg4+ Kf8 26. Rg3 Ke7 27. Qg7+ Kd6 28. Rd1 Rhg8 29. Qf7 Rxg3 0-1

[Event "Krakow op-A 33rd"]
[Site "Krakow"]
[Date "2023.01.03"]
[Round "8"]
[White "Rojano Alfonso, Carlos"]
[Black "Dubnevych, Maksym"]
[Result "1/2-1/2"]
[WhiteElo "2252"]
[BlackElo "2139"]
[PlyCount "112"]
[EventDate "2022.12.27"]
[EventType "swiss"]
[EventRounds "9"]
[EventCountry "POL"]
[SourceTitle "CBM 212 Extra"]
[Source "ChessBase"]
[SourceDate "2023.03.31"]
[SourceVersion "1"]
[SourceVersionDate "2023.03.31"]
[SourceQuality "1"]

1. d4 d5 2. Nc3 Nf6 3. Bf4 a6 4. Nf3 c5 5. e3 cxd4 6. exd4 Bg4 7. h3 Bxf3 8. Qxf3 e6 9. g4 Bd6 10. Be3 Nc6 11. g5 Nd7 12. a3 Qc7 13. Bd3 Nb6 14. h4 0-0-0 15. Qg4 Kb8 16. f4 f5 17. Qf3 Na5 18. Ne2 Nac4 19. Bc1 Qe7 20. a4 Rc8 21. Kf2 Nd7 22. b3 Na5 23. Rb1 Nc6 24. c3 h6 25. Bd2 g6 26. Kg2 Rh7 27. b4 a5 28. bxa5 Nxa5 29. Rb5 Nc4 30. Bxc4 Rxc4 31. Rhb1 b6 32. a5 hxg5 33. hxg5 Qd8 34. axb6 Qh8 35. Be1 Rh2+ 36. Kg1 Rh3 37. Bg3 Ra4 38. Kg2 Rh7 39. Qe3 Re7 40. Rh1 Qc8 41. Nc1 Qc4 42. Qd3 Kb7 43. Qb1 Ra3 44. Rb3 Ra6 45. Re1 Rxb6 46. Rxb6+ Nxb6 47. Nb3 Kc7 48. Nd2 Qc6 49. Qd3 Re8 50. Nf3 Nd7 51. Rc1 Ra8 52. c4 Ra2+ 53. Kg1 Ba3 54. Rc3 Bb4 55. Rc1 Ba3 56. Rc3 Bb4 1/2-1/2

[Event "Krakow op-A 33rd"]
[Site "Krakow"]
[Date "2023.01.02"]
[Round "6"]
[White "Rojano Alfonso, Carlos"]
[Black "Ivekovic, Tihana"]
[Result "1-0"]
[WhiteElo "2252"]
[BlackElo "2143"]
[PlyCount "107"]
[EventDate "2022.12.27"]
[EventType "swiss"]
[EventRounds "9"]
[EventCountry "POL"]
[SourceTitle "CBM 212 Extra"]
[Source "ChessBase"]
[SourceDate "2023.03.31"]
[SourceVersion "1"]
[SourceVersionDate "2023.03.31"]
[SourceQuality "1"]

1. d4 Nf6 2. c4 e6 3. Nf3 b6 4. g3 Bb7 5. Bg2 Be7 6. 0-0 0-0 7. Nc3 d5 8. Ne5 Nbd7 9. cxd5 exd5 10. Qb3 c6 11. Nd3 Re8 12. a4 Nf8 13. Nf4 Bd6 14. Re1 Ng6 15. Nxg6 hxg6 16. Bg5 Be7 17. a5 Ne4 18. Bxe7 Rxe7 19. axb6 Nxc3 20. bxc3 Qxb6 21. Qa3 Qc7 22. Qc5 Bc8 23. e4 dxe4 24. Bxe4 Bb7 25. Bf3 Rxe1+ 26. Rxe1 Qb6 27. Qxb6 axb6 28. Re7 Rb8 29. Rc7 Kf8 30. Bd1 Bc8 31. Rxc6 Be6 32. Bf3 Ke7 33. Kf1 Bd7 34. Rc7 Kd6 35. Rb7 Rxb7 36. Bxb7 g5 37. Ke2 f6 38. Kd3 Bf5+ 39. Kc4 Bd7 40. Kb4 Be8 41. c4 Bd7 42. Be4 Be8 43. Bc2 Bf7 44. Ba4 Bg8 45. Be8 Be6 46. d5 Bg4 47. Kb5 Be2 48. Bf7 Bd3 49. Bh5 Bf1 50. Bd1 Bd3 51. Bb3 Kc7 52. d6+ Kxd6 53. Kxb6 Kd7 54. c5 1-0

[Event "Krakow op-A 33rd"]
[Site "Krakow"]
[Date "2022.12.30"]
[Round "4"]
[White "Dziewonski, Dariusz"]
[Black "Rojano Alfonso, Carlos"]
[Result "1-0"]
[WhiteElo "2142"]
[BlackElo "2252"]
[PlyCount "53"]
[EventDate "2022.12.27"]
[EventType "swiss"]
[EventRounds "9"]
[EventCountry "POL"]
[SourceTitle "CBM 212 Extra"]
[Source "ChessBase"]
[SourceDate "2023.03.31"]
[SourceVersion "1"]
[SourceVersionDate "2023.03.31"]
[SourceQuality "1"]

1. e4 g6 2. d4 Bg7 3. Nc3 d6 4. f4 a6 5. a4 b6 6. Nf3 Bb7 7. Bc4 e6 8. f5 d5 9. exd5 exf5 10. 0-0 Nf6 11. Re1+ Kf8 12. Qe2 Ne8 13. Bg5 f6 14. Bf4 Nd6 15. Bb3 g5 16. Bxd6+ cxd6 17. Nd2 Bc8 18. Nc4 Ra7 19. Nxd6 Re7 20. Qc4 Qxd6 21. Qxc8+ Kf7 22. Rxe7+ Kxe7 23. Re1+ Kf7 24. Qxf5 Rd8 25. Ne4 Qf4 26. d6+ Kf8 27. Qe6 1-0

[Event "Krakow op-A 33rd"]
[Site "Krakow"]
[Date "2022.12.29"]
[Round "3"]
[White "Rojano Alfonso, Carlos"]
[Black "Dotzer, Lukas"]
[Result "1/2-1/2"]
[WhiteElo "2252"]
[BlackElo "2155"]
[PlyCount "152"]
[EventDate "2022.12.27"]
[EventType "swiss"]
[EventRounds "9"]
[EventCountry "POL"]
[SourceTitle "CBM 212 Extra"]
[Source "ChessBase"]
[SourceDate "2023.03.31"]
[SourceVersion "1"]
[SourceVersionDate "2023.03.31"]
[SourceQuality "1"]

1. Nf3 Nf6 2. b3 g6 3. Bb2 Bg7 4. g3 0-0 5. Bg2 d5 6. 0-0 c6 7. d3 Nbd7 8. Nbd2 Qc7 9. Re1 e5 10. e4 d4 11. c3 dxc3 12. Bxc3 c5 13. Rc1 b6 14. Qc2 Ne8 15. Qb2 Bb7 16. b4 f6 17. d4 cxd4 18. Bxd4 Qd8 19. Qb3+ Kh8 20. Bb2 Qe7 21. Nc4 Rc8 22. Bh3 b5 23. Na5 Rxc1 24. Bxc1 Ba8 25. Qd3 f5 26. Qxb5 Nd6 27. Qe2 Nxe4 28. a3 Ndf6 29. Bb2 Ng4 30. Rf1 h5 31. Nh4 Qg5 32. Bc1 Ngxf2 33. Bg2 f4 34. Rxf2 Nxf2 35. Qxf2 Bxg2 36. Nxg2 Rd8 37. Qe2 Qf5 38. gxf4 Qb1 39. Qf1 e4 40. Nc4 Qb3 41. Nge3 Rf8 42. Qf2 Rc8 43. Bb2 Rxc4 44. Bxg7+ Kxg7 45. Nxc4 Qxc4 46. Qxa7+ Kf6 47. Qb6+ Kf7 48. Qe3 Qc2 49. h3 Kf6 50. Kf1 Qd1+ 51. Kf2 Qc2+ 52. Kg3 Qc4 53. b5 Qxb5 54. Qxe4 g5 55. Qd4+ Kf5 56. fxg5 Kxg5 57. Qe3+ Kg6 58. Qe4+ Kf6 59. Qd4+ Kg6 60. Qd6+ Kg5 61. h4+ Kf5 62. Qf8+ Ke6 63. Qg8+ Kd6 64. Qg6+ Kd7 65. Qe4 Qb3+ 66. Qf3 Qb8+ 67. Kh3 Qe5 68. Qd3+ Ke7 69. Qh7+ Kf8 70. Qa7 Qf5+ 71. Kh2 Qf4+ 72. Kg2 Qg4+ 73. Kf1 Qxh4 74. a4 Qf6+ 75. Ke2 Qe7+ 76. Qxe7+ Kxe7 1/2-1/2

[Event "Krakow op-A 33rd"]
[Site "Krakow"]
[Date "2022.12.28"]
[Round "2"]
[White "Madej, Marek"]
[Black "Rojano Alfonso, Carlos"]
[Result "0-1"]
[WhiteElo "2169"]
[BlackElo "2252"]
[PlyCount "86"]
[EventDate "2022.12.27"]
[EventType "swiss"]
[EventRounds "9"]
[EventCountry "POL"]
[SourceTitle "CBM 212 Extra"]
[Source "ChessBase"]
[SourceDate "2023.03.31"]
[SourceVersion "1"]
[SourceVersionDate "2023.03.31"]
[SourceQuality "1"]

1. e4 e5 2. Nf3 Nc6 3. Bc4 Bc5 4. c3 Nf6 5. d3 a6 6. 0-0 d6 7. Nbd2 Ba7 8. a4 h6 9. h3 g5 10. b4 g4 11. Nh4 gxh3 12. g3 Rg8 13. Kh1 Bg4 14. Qe1 Nh5 15. Ndf3 Qf6 16. Nh2 Be6 17. Be3 Bxe3 18. Qxe3 Ne7 19. Bxe6 fxe6 20. Rg1 Kd7 21. d4 Raf8 22. Ra2 exd4 23. cxd4 Nc6 24. Rd2 e5 25. dxe5 Nxe5 26. Rc2 Qe6 27. Rgc1 Rc8 28. Nf5 Nf6 29. Nd4 Qf7 30. Qf4 Qg6 31. Nf5 Rge8 32. Rd2 Qg5 33. Nxh6 Qxf4 34. gxf4 Nxe4 35. Rd4 Nc6 36. Rdc4 Nxf2+ 37. Kg1 Nd3 38. Rb1 d5 39. Rc3 Nxf4 40. Rf3 Nd4 41. Rf2 Nde2+ 42. Kh1 Ng3+ 43. Kg1 Nfe2+ 0-1

[Event "Roncana op-A 14th"]
[Site "Santa Eulalia de Roncana"]
[Date "2022.10.08"]
[Round "1"]
[White "Rojano Alfonso, Carlos"]
[Black "Cordomi Fons, Francesco"]
[Result "1-0"]
[WhiteElo "2258"]
[BlackElo "1803"]
[PlyCount "61"]
[EventDate "2022.10.08"]
[EventType "swiss"]
[EventRounds "8"]
[EventCountry "ESP"]
[SourceTitle "EXT 2024"]
[Source "ChessBase"]
[SourceDate "2023.10.10"]
[SourceVersion "1"]
[SourceVersionDate "2023.10.10"]
[SourceQuality "1"]

1. Nf3 c5 2. b3 Nc6 3. Bb2 d6 4. e3 Nf6 5. d4 Bg4 6. d5 Ne5 7. Nxe5 dxe5 8. Qxg4 Nxg4 9. Bb5+ Qd7 10. Bxd7+ Kxd7 11. h3 Nf6 12. c4 Kd6 13. Nc3 a6 14. Ba3 Rb8 15. Na4 b6 16. b4 cxb4 17. Bxb4+ Kc7 18. Bc3 Nd7 19. 0-0 g6 20. Rab1 b5 21. Ba5+ Kc8 22. cxb5 Rxb5 23. Rfc1+ Kb8 24. Rxb5+ axb5 25. Rb1 Ka7 26. Rxb5 Ka6 27. Nc3 e4 28. a4 f5 29. Na2 e5 30. dxe6 Nb8 31. Rxb8 1-0

[Event "Catalunya-chT Gp1"]
[Site "Barcelona"]
[Date "2022.03.05"]
[Round "7.2"]
[White "Rojano Alfonso, Carlos"]
[Black "Perez Mitjans, Orelvis"]
[Result "1-0"]
[WhiteElo "2226"]
[BlackElo "2409"]
[PlyCount "65"]
[EventDate "2022.01.22"]
[EventType "team-tourn"]
[EventRounds "9"]
[EventCountry "ESP"]
[SourceTitle "CBM 208 Extra"]
[Source "ChessBase"]
[SourceDate "2022.07.31"]
[SourceVersion "1"]
[SourceVersionDate "2022.07.31"]
[SourceQuality "1"]
[WhiteTeam "Gramenet"]
[BlackTeam "Badalona Cor de Marina"]
[WhiteTeamCountry "ESP"]
[BlackTeamCountry "ESP"]

1. Nf3 Nc6 2. d4 d5 3. Bf4 Bg4 4. h3 Bh5 5. e3 e6 6. Bb5 Bd6 7. Bxd6 cxd6 8. Nbd2 Nge7 9. c3 a6 10. Bd3 f5 11. g4 Bg6 12. Ng5 Qd7 13. h4 fxg4 14. Bxg6+ hxg6 15. Qxg4 Nd8 16. 0-0-0 b5 17. Kb1 a5 18. h5 b4 19. c4 b3 20. axb3 a4 21. bxa4 Qxa4 22. Nxe6 Rxh5 23. Nc7+ Kf7 24. Nxa8 Rxh1 25. Rxh1 Qxa8 26. Rh8 Qa5 27. Qf3+ Ke6 28. cxd5+ Kd7 29. Qf8 Nxd5 30. Qe8+ Kc8 31. Qc6+ Nc7 32. Nc4 Qf5+ 33. e4 1-0

[Event "Catalunya-chT Gp1"]
[Site "Barcelona"]
[Date "2022.01.29"]
[Round "2.2"]
[White "Barbero Sendic, Alejandro"]
[Black "Rojano Alfonso, Carlos"]
[Result "1-0"]
[WhiteElo "2320"]
[BlackElo "2226"]
[PlyCount "61"]
[EventDate "2022.01.22"]
[EventType "team-tourn"]
[EventRounds "9"]
[EventCountry "ESP"]
[SourceTitle "CBM 206 Extra"]
[Source "ChessBase"]
[SourceDate "2022.03.31"]
[SourceVersion "1"]
[SourceVersionDate "2022.03.31"]
[SourceQuality "1"]
[WhiteTeam "Sant Andreu"]
[BlackTeam "Gramenet"]
[WhiteTeamCountry "ESP"]
[BlackTeamCountry "ESP"]

1. e4 e5 2. Nf3 Nc6 3. Bc4 Bc5 4. c3 Nf6 5. d4 exd4 6. e5 d5 7. Bb5 Ne4 8. cxd4 Bb6 9. Nc3 0-0 10. Be3 Nxc3 11. bxc3 Bf5 12. 0-0 Na5 13. Bg5 f6 14. exf6 gxf6 15. Bh6 Rf7 16. Nh4 Bd7 17. Bd3 f5 18. Qh5 Qf6 19. Rae1 Nc4 20. Bf4 c5 21. Bxc4 dxc4 22. Be5 Qc6 23. d5 Qxd5 24. Qg5+ Kf8 25. Qh6+ Kg8 26. Re3 f4 27. Qg5+ Kf8 28. Bg7+ Rxg7 29. Qxd5 fxe3 30. fxe3+ Ke8 31. Qe5+ 1-0

[Event "Catalunya-chT Gp1"]
[Site "Barcelona"]
[Date "2022.01.22"]
[Round "1.2"]
[White "Valle Maytin, Luis Enrique"]
[Black "Rojano Alfonso, Carlos"]
[Result "0-1"]
[WhiteElo "2272"]
[BlackElo "2226"]
[PlyCount "122"]
[EventDate "2022.01.22"]
[EventType "team-tourn"]
[EventRounds "9"]
[EventCountry "ESP"]
[SourceTitle "CBM 206 Extra"]
[Source "ChessBase"]
[SourceDate "2022.03.31"]
[SourceVersion "1"]
[SourceVersionDate "2022.03.31"]
[SourceQuality "1"]
[WhiteTeam "Gerunda"]
[BlackTeam "Gramenet"]
[WhiteTeamCountry "ESP"]
[BlackTeamCountry "ESP"]

1. d4 e6 2. Nf3 b6 3. e4 Bb7 4. Bd3 d5 5. exd5 Qxd5 6. 0-0 Nf6 7. Nc3 Qd8 8. Bg5 Be7 9. Bb5+ c6 10. Ba4 0-0 11. Re1 Nbd7 12. Ne5 Rc8 13. Qe2 Nd5 14. Bxe7 Nxc3 15. Bxd8 Nxe2+ 16. Rxe2 Rfxd8 17. Nxd7 Rxd7 18. c3 Rd6 19. Rd1 Kf8 20. Ree1 Ke7 21. f3 Rcd8 22. Kf2 Ba6 23. Bb3 c5 24. Ke3 cxd4+ 25. Rxd4 Rxd4 26. cxd4 Kd6 27. Rc1 Bb7 28. Rc3 g5 29. Bc2 f5 30. Ra3 a6 31. Rb3 b5 32. Rc3 h5 33. h3 Rg8 34. a4 g4 35. hxg4 hxg4 36. axb5 axb5 37. Rc5 Bc6 38. Bd3 gxf3 39. gxf3 b4 40. Ra5 Rg2 41. b3 Rb2 42. Bc4 Rc2 43. Ra6 Rc3+ 44. Ke2 Kc7 45. Bxe6 Bb5+ 46. Bc4 Rxc4 47. Ra5 Rc2+ 48. Ke3 Kb6 49. Ra8 Rc3+ 50. Kf4 Rxf3+ 51. Ke5 Bc6 52. Rb8+ Bb7 53. Rf8 Re3+ 54. Kd6 Rd3 55. Ke5 Rxb3 56. Rxf5 Rd3 57. Rf6+ Bc6 58. Rd6 b3 59. Rf6 Re3+ 60. Kd6 b2 61. Rf1 Be4 0-1

[Event "Roncana op-A 13th"]
[Site "Santa Eulalia de Roncana"]
[Date "2019.11.30"]
[Round "8"]
[White "Morais Carreras, Javier"]
[Black "Rojano Alfonso, Carlos"]
[Result "0-1"]
[WhiteElo "1939"]
[BlackElo "2210"]
[PlyCount "74"]
[EventDate "2019.09.28"]
[EventType "swiss"]
[EventRounds "8"]
[EventCountry "ESP"]
[SourceTitle "CBM 193 Extra"]
[Source "ChessBase"]
[SourceDate "2020.01.31"]
[SourceVersion "1"]
[SourceVersionDate "2020.01.31"]
[SourceQuality "1"]

1. e4 e6 2. d3 d5 3. Nd2 Nf6 4. g3 c5 5. Bg2 Be7 6. Ngf3 Nc6 7. 0-0 0-0 8. e5 Nd7 9. Re1 f6 10. exf6 Bxf6 11. Nf1 Nde5 12. Nxe5 Nxe5 13. Qh5 g6 14. Qd1 Bg7 15. h4 h5 16. Bg5 Qd7 17. Nh2 Nf7 18. Bc1 Nd6 19. c3 Qf7 20. Qf3 Nf5 21. Bf4 Nxh4 22. Qe2 Nxg2 23. Kxg2 b6 24. Bd6 Re8 25. Be5 d4 26. cxd4 Bb7+ 27. f3 cxd4 28. Rac1 Rad8 29. Rc7 Rd7 30. Rec1 Ree7 31. Rxd7 Rxd7 32. Bxg7 Kxg7 33. Qe5+ Qf6 34. Qb8 Rf7 35. Rf1 Qf5 36. Qd6 Bd5 37. Qa3 g5 0-1

[Event "Roncana op-A 13th"]
[Site "Santa Eulalia de Roncana"]
[Date "2019.09.28"]
[Round "1"]
[White "Rojano Alfonso, Carlos"]
[Black "Castillo Martinez, Aran"]
[Result "1-0"]
[WhiteElo "2210"]
[BlackElo "1743"]
[PlyCount "49"]
[EventDate "2019.09.28"]
[EventType "swiss"]
[EventRounds "8"]
[EventCountry "ESP"]
[SourceTitle "CBM 193 Extra"]
[Source "ChessBase"]
[SourceDate "2020.01.31"]
[SourceVersion "1"]
[SourceVersionDate "2020.01.31"]
[SourceQuality "1"]

1. e4 e5 2. d4 exd4 3. Qxd4 Nc6 4. Qe3 b6 5. Nc3 Nf6 6. Bd2 Bc5 7. Qg3 Nd4 8. 0-0-0 Bb7 9. e5 Ne4 10. Nxe4 Bxe4 11. Qxg7 Rf8 12. c3 Ne6 13. Qg4 Bb7 14. Bh6 Rh8 15. Bc4 Qe7 16. b4 Bxf2 17. Nf3 0-0-0 18. Rhf1 Rhg8 19. Qh3 Bxf3 20. Qxf3 Kb8 21. Qxf2 Ng5 22. Qf6 Qxf6 23. exf6 Ne4 24. Bxf7 Rxg2 25. Bd5 1-0

[Event "Benasque op 39th"]
[Site "Benasque"]
[Date "2019.07.05"]
[Round "2"]
[White "Rojano Alfonso, Carlos"]
[Black "Piorun, Kacper"]
[Result "0-1"]
[WhiteElo "2206"]
[BlackElo "2656"]
[PlyCount "86"]
[EventDate "2019.07.04"]
[EventType "swiss"]
[EventRounds "10"]
[EventCountry "ESP"]
[SourceTitle "EXT 2020"]
[Source "ChessBase"]
[SourceDate "2019.10.17"]
[SourceVersion "1"]
[SourceVersionDate "2019.10.17"]
[SourceQuality "1"]

1. b3 g6 2. Bb2 Nf6 3. f4 Bg7 4. Nf3 d5 5. e3 0-0 6. Be2 c5 7. 0-0 Nc6 8. d3 Ng4 9. Bxg7 Kxg7 10. Qd2 d4 11. e4 Ne3 12. Re1 Qc7 13. g3 e5 14. fxe5 Nxe5 15. c3 Nxf3+ 16. Bxf3 Be6 17. cxd4 cxd4 18. Na3 Rac8 19. Qb2 Qc3 20. Qxc3 Rxc3 21. e5 Rfc8 22. Bxb7 R8c5 23. Re2 Bg4 24. Ree1 Rxd3 25. Rac1 Rxe5 26. Nb1 Ra5 27. Be4 Rd1 28. a4 Rxe1+ 29. Rxe1 Bd1 30. Nd2 Rc5 31. Bf3 Rc2 32. Bxd1 Rxd2 33. Bf3 Rb2 34. a5 Rxb3 35. a6 Ra3 36. Bb7 d3 37. Rxe3 d2 38. Rxa3 d1Q+ 39. Kg2 Qd2+ 40. Kh3 h5 41. Rb3 f5 42. Rb5 g5 43. Rd5 Qf2 0-1

[Event "Roncana op-A 12th"]
[Site "Santa Eulalia de Roncana"]
[Date "2018.09.29"]
[Round "1"]
[White "Costa Trave, Jaume"]
[Black "Rojano Alfonso, Carlos"]
[Result "0-1"]
[WhiteElo "1768"]
[BlackElo "2199"]
[PlyCount "40"]
[EventDate "2018.09.29"]
[EventType "swiss"]
[EventRounds "8"]
[EventCountry "ESP"]
[SourceTitle "CBM 187 Extra"]
[Source "ChessBase"]
[SourceDate "2018.11.04"]
[SourceVersion "1"]
[SourceVersionDate "2018.11.04"]
[SourceQuality "1"]

1. f4 e5 2. fxe5 d6 3. exd6 Bxd6 4. Nf3 g5 5. c3 g4 6. Qa4+ Nc6 7. Qe4+ Nge7 8. Nd4 Nxd4 9. Qxd4 Ng6 10. d3 Qh4+ 11. Kd1 Be6 12. Nd2 f5 13. Nc4 Bxc4 14. Qxc4 0-0-0 15. Qe6+ Kb8 16. Qxf5 Rhf8 17. Qa5 Rde8 18. Bd2 g3 19. h3 Re5 20. Bg5 Rxg5 0-1

[Event "Roncana op 11th"]
[Site "Santa Eulalia de Roncana"]
[Date "2017.10.28"]
[Round "5"]
[White "Rojano Alfonso, Carlos"]
[Black "Porras Mateo, Felipe"]
[Result "0-1"]
[WhiteElo "2182"]
[BlackElo "2331"]
[PlyCount "68"]
[EventDate "2017.09.23"]
[EventType "swiss"]
[EventRounds "8"]
[EventCountry "ESP"]
[SourceTitle "CBM 187 Extra"]
[Source "ChessBase"]
[SourceDate "2018.11.04"]
[SourceVersion "1"]
[SourceVersionDate "2018.11.04"]
[SourceQuality "1"]

1. e4 e5 2. Nf3 Nc6 3. Bc4 Bc5 4. c3 Nf6 5. d4 exd4 6. e5 d5 7. Bb5 Ne4 8. cxd4 Bb6 9. 0-0 0-0 10. h3 f6 11. Nc3 fxe5 12. Nxe4 dxe4 13. Ng5 Qe7 14. Bc4+ Kh8 15. Nxh7 Rf5 16. g4 Nxd4 17. Bd5 Rf4 18. Bxf4 exf4 19. Re1 e3 20. fxe3 fxe3 21. Qd3 Qh4 22. Rf1 Bxg4 23. Nf8 Qg3+ 24. Bg2 Bf5 25. Rxf5 Nxf5 26. Qxf5 e2+ 27. Kh1 e1Q+ 28. Rxe1 Qxe1+ 29. Bf1 Kg8 30. Ng6 Re8 31. Qd5+ Re6 32. Qd8+ Kh7 33. Nf8+ Kh6 34. Qd3 Qe4+ 0-1

[Event "Roncana op 11th"]
[Site "Santa Eulalia de Roncana"]
[Date "2017.10.21"]
[Round "4"]
[White "Rojano Alfonso, Carlos"]
[Black "Ayats Llobera, Gerard"]
[Result "1/2-1/2"]
[WhiteElo "2182"]
[BlackElo "2325"]
[PlyCount "92"]
[EventDate "2017.09.23"]
[EventType "swiss"]
[EventRounds "8"]
[EventCountry "ESP"]
[SourceTitle "CBM 187 Extra"]
[Source "ChessBase"]
[SourceDate "2018.11.04"]
[SourceVersion "1"]
[SourceVersionDate "2018.11.04"]
[SourceQuality "1"]

1. e3 Nf6 2. f4 d5 3. Nf3 c5 4. b3 Nc6 5. Bb2 a6 6. g3 g6 7. Bg2 Bg7 8. 0-0 0-0 9. h3 Qd6 10. d3 d4 11. e4 e5 12. fxe5 Nxe5 13. Bc1 Nfd7 14. Nbd2 b5 15. Nxe5 Nxe5 16. Nf3 Bb7 17. Bf4 Qe7 18. Qd2 Rac8 19. Rab1 Ba8 20. a4 Bc6 21. axb5 axb5 22. Ra1 Ra8 23. Kh2 Nd7 24. Ra5 f6 25. h4 Ne5 26. Nxe5 fxe5 27. Bg5 Qc7 28. Rxa8 Bxa8 29. Rxf8+ Bxf8 30. Bh3 h5 31. Be6+ Kh7 32. Qf2 Bg7 33. Qf7 Qxf7 34. Bxf7 Bf8 35. Bf6 Bd6 36. Be8 b4 37. g4 hxg4 38. Kg3 Bb7 39. Kxg4 Kh6 40. Bd7 Ba8 41. h5 Bb7 42. Bg5+ Kh7 43. hxg6+ Kxg6 44. Bf5+ Kf7 45. Bd8 Be7 46. Bc7 Kf6 1/2-1/2

[Event "Barbera del Valles op 40th"]
[Site "Barbera del Valles"]
[Date "2017.07.05"]
[Round "2"]
[White "Ojas, Kulkarni"]
[Black "Rojano Alfonso, Carlos"]
[Result "1-0"]
[WhiteElo "2351"]
[BlackElo "2179"]
[PlyCount "159"]
[EventDate "2017.07.04"]
[EventType "swiss"]
[EventRounds "9"]
[EventCountry "ESP"]
[SourceTitle "EXT 2018"]
[Source "ChessBase"]
[SourceDate "2017.10.13"]
[SourceVersion "1"]
[SourceVersionDate "2017.10.13"]
[SourceQuality "1"]

1. c4 f5 2. d4 Nf6 3. Nf3 e6 4. g3 Be7 5. Bg2 0-0 6. 0-0 d6 7. Nc3 Qe8 8. b4 Qh5 9. Qb3 Nc6 10. c5 Kh8 11. b5 Nd8 12. Ba3 d5 13. c6 Bxa3 14. Qxa3 Re8 15. Ne5 b6 16. Qb2 Ng4 17. Nxg4 Qxg4 18. e3 Nf7 19. a4 Nd6 20. Qe2 Qxe2 21. Nxe2 a6 22. Nc3 Nc4 23. Rfb1 g6 24. Bf1 Na5 25. f4 Kg7 26. Kf2 Kf6 27. Rb2 h6 28. Nb1 g5 29. Nd2 Ra7 30. Rbb1 g4 31. Be2 h5 32. h3 Ke7 33. hxg4 hxg4 34. Rh1 Kd6 35. Rac1 Rd8 36. Rh7 Ra8 37. Rch1 axb5 38. axb5 Nxc6 39. bxc6 Ra2 40. Rd1 Rc2 41. Bb5 Rb2 42. Bd3 b5 43. Ke2 Kxc6 44. Rc1+ Kd6 45. Rhxc7 Bd7 46. R1c2 Rb4 47. Kf2 Rh8 48. Kg2 Ra8 49. Rb7 Rba4 50. Bxb5 Ra2 51. Bd3 R2a3 52. Rb3 Ra1 53. Be2 R1a2 54. Rbb2 R2a3 55. Nf1 R8a7 56. Bb5 Bxb5 57. Rxb5 Ra2 58. Rbb2 Rxb2 59. Rxb2 Ra3 60. Rc2 Ke7 61. Kf2 Ra1 62. Nd2 Rh1 63. Kg2 Re1 64. Kf2 Ra1 65. Rb2 Kf6 66. Rb1 Ra2 67. Ke2 Ra3 68. Rb6 Kf7 69. Rb2 Kf6 70. Nb3 Ra6 71. Kd3 Ra8 72. Rh2 Kg6 73. Kc3 Kg7 74. Kb2 Rb8 75. Rh1 Kg6 76. Kc2 Ra8 77. Ra1 Rh8 78. Ra6 Kf7 79. Nc5 Rh3 80. Rxe6 1-0

[Event "Heraklion op 18th"]
[Site "Heraklion"]
[Date "2016.09.04"]
[Round "2"]
[White "Hadzakis, Georgios"]
[Black "Rojano Alfonso, Carlos"]
[Result "0-1"]
[WhiteElo "1754"]
[BlackElo "2180"]
[PlyCount "92"]
[EventDate "2016.09.03"]
[EventType "swiss"]
[EventRounds "9"]
[EventCountry "GRE"]
[SourceTitle "CBM 174 Extra"]
[Source "ChessBase"]
[SourceDate "2016.10.10"]
[SourceVersion "1"]
[SourceVersionDate "2016.10.10"]
[SourceQuality "1"]

1. e4 Nc6 2. d4 d5 3. e5 Bf5 4. Nf3 e6 5. Bd3 Bxd3 6. Qxd3 Nb4 7. Qe2 Qd7 8. c3 Na6 9. Be3 Ne7 10. Nbd2 Nf5 11. 0-0 c5 12. Nb3 c4 13. Nbd2 Be7 14. Rfc1 Nc7 15. Nf1 0-0 16. Bf4 b5 17. Ne3 Nxe3 18. Bxe3 a5 19. Ng5 Rfb8 20. h4 h6 21. Qh5 hxg5 22. hxg5 g6 23. Qh4 Bf8 24. g4 Bg7 25. Kg2 Kf8 26. Qh7 Ne8 27. f4 b4 28. Bd2 Ke7 29. Rf1 Ra6 30. f5 exf5 31. gxf5 gxf5 32. Rxf5 Qe6 33. Raf1 bxc3 34. Bxc3 Kd8 35. R1f4 Rb7 36. Qg8 Raa7 37. Kf3 Qg6 38. Ke3 Bh6 39. Qxg6 fxg6 40. gxh6 gxf5 41. Rxf5 Ra6 42. Rh5 Rh7 43. Kf4 Ke7 44. Kg5 Kf7 45. Bd2 Rg6+ 46. Kf5 Ng7+ 0-1

[Event "Heraklion op 18th"]
[Site "Heraklion"]
[Date "2016.09.04"]
[Round "3"]
[White "Rojano Alfonso, Carlos"]
[Black "Pavlidis, Anastasios"]
[Result "0-1"]
[WhiteElo "2180"]
[BlackElo "2377"]
[PlyCount "50"]
[EventDate "2016.09.03"]
[EventType "swiss"]
[EventRounds "9"]
[EventCountry "GRE"]
[SourceTitle "CBM 174 Extra"]
[Source "ChessBase"]
[SourceDate "2016.10.10"]
[SourceVersion "1"]
[SourceVersionDate "2016.10.10"]
[SourceQuality "1"]

1. d4 f5 2. e4 fxe4 3. Nc3 Nf6 4. Bg5 c6 5. f3 e3 6. Bxe3 d5 7. Bd3 Nbd7 8. g4 e5 9. g5 Ng8 10. Bxh7 Rxh7 11. Qd3 e4 12. fxe4 Bb4 13. exd5 Nf8 14. dxc6 Qd5 15. 0-0-0 Bxc3 16. Ne2 Bb4 17. cxb7 Bxb7 18. Nf4 Qxa2 19. Qb5+ Nd7 20. Qxb4 Bxh1 21. Bg1 g6 22. Nxg6 Rb8 23. Re1+ Kd8 24. Qc3 Qa1+ 25. Kd2 Qxb2 0-1

[Event "Barcelona Sants op 16th"]
[Site "Barcelona"]
[Date "2014.08.29"]
[Round "8"]
[White "Valdes Romero, Leonardo"]
[Black "Rojano Alfonso, Carlos"]
[Result "1-0"]
[WhiteElo "2406"]
[BlackElo "2213"]
[PlyCount "51"]
[EventDate "2014.08.22"]
[EventType "swiss"]
[EventRounds "10"]
[EventCountry "ESP"]
[SourceTitle "CBM 162 Extra"]
[Source "ChessBase"]
[SourceDate "2014.10.17"]
[SourceVersion "1"]
[SourceVersionDate "2014.10.17"]
[SourceQuality "1"]

1. Nf3 Nf6 2. g3 b6 3. Bg2 Bb7 4. 0-0 e6 5. c4 Be7 6. Nc3 0-0 7. b3 c5 8. Bb2 d5 9. e3 Nbd7 10. Qe2 Ne4 11. cxd5 exd5 12. d4 Ndf6 13. Rfd1 Nxc3 14. Bxc3 Ne4 15. Bb2 Qc7 16. Rac1 Rad8 17. Ne1 Qb8 18. dxc5 Bxc5 19. Nd3 Be7 20. Nf4 Qa8 21. Rc7 Bg5 22. Ne6 Qb8 23. Bxe4 dxe4 24. Rdc1 Rd5 25. Nxf8 Kxf8 26. Qh5 1-0